| 000 | 00585cam a2200217ua 4500 | ||
|---|---|---|---|
| 001 | 9496 | ||
| 005 | 20260515114455.0 | ||
| 008 | 151120n ii |||gr||||Z||||||asm | ||
| 040 | _cMAIN | ||
| 041 | _aasm | ||
| 082 | _a954.162 | ||
| 245 | 1 |
_aSwargadeo Rudrasinghar buranji _ced. by Jugendra Nath Phukan |
|
| 250 | _a1st ed. | ||
| 260 |
_aGuwahati: _bAnwekshan publication, _c2014. |
||
| 300 | _axxii, 146p. | ||
| 653 | _aSouth Asia India | ||
| 653 | _aHistory of Rudra Singha | ||
| 700 |
_aPhukan, Jugendra Nath, _eEditor. |
||
| 700 |
_aBuragohain, Ye Hom, _eEditor. |
||
| 942 | _cBK | ||
| 999 |
_c8532 _d8532 |
||